000
00213 a2200097 4500
001
25172
100
_a
Huang, T C
245
_a
Engineering mechanics Vol I
260
_a
_b
Addison Wesley
_c
090
_c
16961
_d
16961
942
_a
NUST-CAE
_c
M
_c
7737
999
_c
260245
_d
260245